<?xml version="1.0" encoding="UTF-8"?>
<record
    xmlns:xsi="http://www.w3.org/2001/XMLSchema-instance"
    xsi:schemaLocation="http://www.loc.gov/MARC21/slim http://www.loc.gov/standards/marcxml/schema/MARC21slim.xsd"
    xmlns="http://www.loc.gov/MARC21/slim">

  <leader>00582    a2200145   4500</leader>
  <controlfield tag="001">142466</controlfield>
  <datafield tag="040" ind1=" " ind2=" ">
    <subfield code="c">Leonardo Da Vinci</subfield>
  </datafield>
  <datafield tag="041" ind1=" " ind2=" ">
    <subfield code="a">Portugu&#xEA;s</subfield>
  </datafield>
  <datafield tag="082" ind1=" " ind2=" ">
    <subfield code="a">v208</subfield>
  </datafield>
  <datafield tag="100" ind1=" " ind2=" ">
    <subfield code="a">COL&#xC9;GIO Leonardo da Vinci - Anglo</subfield>
  </datafield>
  <datafield tag="245" ind1=" " ind2=" ">
    <subfield code="a">Hist&#xF3;ria em a&#xE7;&#xE3;o</subfield>
  </datafield>
  <datafield tag="490" ind1=" " ind2=" ">
    <subfield code="a">Hist&#xF3;ria em a&#xE7;&#xE3;o; Cultura</subfield>
  </datafield>
  <datafield tag="697" ind1=" " ind2=" ">
    <subfield code="a">Anglo</subfield>
    <subfield code="a">Hist&#xF3;ria</subfield>
    <subfield code="a">Crise dos m&#xED;sseis</subfield>
    <subfield code="a">Revolu&#xE7;&#xE3;o Cubana</subfield>
    <subfield code="a">Independ&#xEA;ncia de Cuba</subfield>
    <subfield code="a">Apartheid</subfield>
    <subfield code="a">Primeira Guerra</subfield>
    <subfield code="a">Iugosl&#xE1;via</subfield>
    <subfield code="a">O Desdobramento da Revolu&#xE7;&#xE3;o Russa</subfield>
    <subfield code="a">Nazismo</subfield>
    <subfield code="a">Fascismo</subfield>
    <subfield code="a">Crise de 1929 (EUA)</subfield>
    <subfield code="a">Plano Quinquenal</subfield>
    <subfield code="a">Nascimento do Nazismo</subfield>
    <subfield code="a">Anti-Semitismo</subfield>
  </datafield>
  <datafield tag="942" ind1=" " ind2=" ">
    <subfield code="c">VM</subfield>
  </datafield>
  <datafield tag="952" ind1=" " ind2=" ">
    <subfield code="0">0</subfield>
    <subfield code="1">0</subfield>
    <subfield code="4">0</subfield>
    <subfield code="7">0</subfield>
    <subfield code="a">72.1</subfield>
    <subfield code="b">72.1</subfield>
    <subfield code="d">2024-03-27</subfield>
    <subfield code="l">0</subfield>
    <subfield code="o">v208</subfield>
    <subfield code="p">A0219LVA</subfield>
    <subfield code="r">2024-03-27 22:46:58</subfield>
    <subfield code="w">2024-03-27</subfield>
    <subfield code="y">VM</subfield>
  </datafield>
  <datafield tag="999" ind1=" " ind2=" ">
    <subfield code="c">142466</subfield>
    <subfield code="d">142466</subfield>
  </datafield>
</record>
